Fundamental nursing skills and concepts / (Record no. 17260)
[ view plain ]
| 000 -LEADER | |
|---|---|
| fixed length control field | 01277cam a22003018a 4500 |
| 001 - CONTROL NUMBER | |
| control field | 17055472 |
| 005 - DATE AND TIME OF LATEST TRANSACTION | |
| control field | 20170418110928.0 |
| 008 - FIXED-LENGTH DATA ELEMENTS--GENERAL INFORMATION | |
| fixed length control field | 111121s2013 pau b 001 0 eng |
| 010 ## - LIBRARY OF CONGRESS CONTROL NUMBER | |
| LC control number | 2011048255 |
| 020 ## - INTERNATIONAL STANDARD BOOK NUMBER | |
| International Standard Book Number | 9781608317875 (alk. paper) |
| 020 ## - INTERNATIONAL STANDARD BOOK NUMBER | |
| International Standard Book Number | 1608317870 |
| 040 ## - CATALOGING SOURCE | |
| Original cataloging agency | EG-ScBUE |
| 082 00 - DEWEY DECIMAL CLASSIFICATION NUMBER | |
| Classification number | 610.73 |
| Edition number | 22 |
| Item number | TIM |
| 100 1# - MAIN ENTRY--PERSONAL NAME | |
| Personal name | Timby, Barbara Kuhn |
| 9 (RLIN) | 20698 |
| 245 10 - TITLE STATEMENT | |
| Title | Fundamental nursing skills and concepts / |
| Statement of responsibility, etc | Barbara Kuhn Timby. |
| 250 ## - EDITION STATEMENT | |
| Edition statement | 10th ed. |
| 260 ## - PUBLICATION, DISTRIBUTION, ETC. (IMPRINT) | |
| Place of publication, distribution, etc | Philadelphia, United States : |
| Name of publisher, distributor, etc | Wolters Kluwer / Lippincott Williams & Wilkins Health, |
| Date of publication, distribution, etc | c.2013. |
| 300 ## - PHYSICAL DESCRIPTION | |
| Extent | xxi, 926 p. ; |
| Other physical details | ill. (col.) : |
| Dimensions | 29 cm. |
| 500 ## - GENERAL NOTE | |
| General note | Includes appendixes. |
| 500 ## - GENERAL NOTE | |
| General note | Glossary : p. 889-904. |
| 500 ## - GENERAL NOTE | |
| General note | Index : p. 905-926. |
| 504 ## - BIBLIOGRAPHY, ETC. NOTE | |
| Bibliography, etc | Includes bibliographical references and index. |
| 505 0# - FORMATTED CONTENTS NOTE | |
| Formatted contents note | Exploring contemporary nursing-Integrating basic concepts-Fostering communication-Performing basic client care-Assisting with basic needs-Assisting the inactive client-The surgical client --Promoting elimination-Medication administration-Intervening in emergency situations-Caring for the terminally ill. |
| 653 ## - INDEX TERM--UNCONTROLLED | |
| Resource For college | Nursing |
| Arrived date list | February2013 |
| -- | September2014 |
| 655 ## - INDEX TERM--GENRE/FORM | |
| Form subdivision | |
| -- | 34232 |
| 650 #0 - SUBJECT ADDED ENTRY--TOPICAL TERM | |
| 9 (RLIN) | 4472 |
| Topical term or geographic name as entry element | Nursing care |
| 942 ## - ADDED ENTRY ELEMENTS (KOHA) | |
| Source of classification or shelving scheme | Dewey Decimal Classification |
| Item type | |
| Call number prefix | 610.73 TIM |
| Withdrawn status | Item status | Source of classification or shelving scheme | Damaged status | Not for loan | Vendor | Home library | Current library | Shelving location | Date acquired | Source of acquisition | Cost, normal purchase price | Serial Enumeration / chronology | Total Checkouts | Total Renewals | Full call number | Barcode | Date last seen | Date last borrowed | Koha item type | Cost, replacement price |
|---|---|---|---|---|---|---|---|---|---|---|---|---|---|---|---|---|---|---|---|---|
| Dewey Decimal Classification | Baccah | Central Library | Central Library | First floor | 07/02/2013 | 396.00 | 16975 | 9 | 31 | 610.73 TIM | 000028031 | 15/07/2025 | 02/10/2019 | Book - Borrowing | ||||||
| Dewey Decimal Classification | Baccah | Central Library | Central Library | First floor | 30/09/2014 | 395.00 | 20526 | 2 | 5 | 610.73 TIM | 000036435 | 15/07/2025 | 06/01/2015 | Book - Borrowing | 493.75 | |||||
| Dewey Decimal Classification | Baccah | Central Library | Central Library | First floor | 30/09/2014 | 395.00 | 20526 | 4 | 87 | 610.73 TIM | 000036436 | 15/07/2025 | 14/03/2017 | Book - Borrowing | 493.75 |